La escuela en entredicho. Conversaciones con Claudio di Girolamo.
Guardat en:
| Autor corporatiu: | |
|---|---|
| Format: | Llibre |
| Publicat: |
Santiago, Chile:
Ministerio de las Culturas, las Artes y el Patrimonio,
2018.
|
| Edició: | 2ª edición (revisada). |
| Matèries: | |
| Accés en línia: | Disponible Online - Ministerio de las Culturas |
| Etiquetes: |
Afegir etiqueta
Sense etiquetes, Sigues el primer a etiquetar aquest registre!
|
MARC
| LEADER | 00000cam a2200000 a 4500 | ||
|---|---|---|---|
| 001 | UCC7548 | ||
| 003 | CL-VaPUC | ||
| 005 | 20220915103231.0 | ||
| 008 | 220912t2018 ||||| |||| 00| 0 eng d | ||
| 999 | |c 374161 |d 374159 | ||
| 020 | |a 978-956-352-261-7 (papel) | ||
| 020 | |a 978-956-352-262-4 (pdf) | ||
| 040 | |c Pontificia Universidad Católica de Valparaíso | ||
| 082 | 0 | 4 | |a 701 MIN 2018 |2 21 |
| 110 | 2 | |a Ministerio de las Culturas, las Artes y el Patrimonio |e autor |9 602187 | |
| 245 | 1 | 3 | |a La escuela en entredicho. Conversaciones con Claudio di Girolamo. |
| 250 | |a 2ª edición (revisada). | ||
| 260 | |a Santiago, Chile: |b Ministerio de las Culturas, las Artes y el Patrimonio, |c 2018. | ||
| 300 | |a 198 páginas. | ||
| 500 | |a c.5-c.6. Donación Biblioteca Arquitectura. Memo ARQ 11/2022. 05/09/2022 | ||
| 583 | |a last modification |c 20190409 14:28:00 |k Rodrigo Vera | ||
| 600 | 0 | |a Di Girolamo, Claudio, |2 CL-VaPUC |9 549013 |d 1929- |x Artista y gestor cultural |x Vida y obras |x Contribuciones en educación |z Italia | |
| 650 | 0 | |a Filosofía del arte |9 264951 | |
| 650 | 0 | |a Arte |9 265238 |x Educación | |
| 650 | 0 | |a Pintores italianos |9 265277 |z Chile | |
| 856 | |u https://www.cultura.gob.cl/wp-content/uploads/2018/12/la-escuela-en-entrdicho.pdf |y Disponible Online - Ministerio de las Culturas | ||
| 942 | |c BK |2 ddc | ||
| 945 | |d 20190409 14:28:00 |a dcastane | ||
| 952 | |0 0 |1 0 |3 erb |4 0 |6 701_000000000000000_MIN_2018 |7 0 |8 A |9 492602 |a BIBEDU |b BIBEDU |i 5542294 |o 701 MIN 2018 |p 5542294 |r 2019-11-24 |w 2019-11-24 |y BK |z Catalogado en:20190409 |k EPE | ||
| 952 | |0 0 |1 0 |3 erb |4 0 |6 701_000000000000000_MIN_2018 |7 0 |8 A |9 492603 |a BIBEDU |b BIBEDU |i 5542286 |o 701 MIN 2018 |p 5542286 |r 2019-11-24 |w 2019-11-24 |y BK |z Catalogado en:20190409 |k EPE | ||
| 952 | |0 0 |1 0 |3 erb |4 0 |6 701_000000000000000_MIN_2018 |7 0 |8 R |9 492604 |a BIBART |b BIBART |i 5542278 |o 701 MIN 2018 |p 5542278 |r 2025-03-13 |w 2019-11-24 |y BK_R |z Catalogado en:20190409 |k ART | ||
| 952 | |0 0 |1 0 |2 ddc |4 0 |6 701_000000000000000_MIN_2018 |7 0 |8 A |9 586682 |a BIBARQ |b BIBARQ |c GEN |d 2022-09-12 |e Donación |i 5654659 |o 701 MIN 2018 |p 5654659 |r 2025-01-20 |t 5 |w 2022-09-12 |y BK |k ARQ | ||
| 952 | |0 0 |1 0 |2 ddc |4 0 |6 701_000000000000000_MIN_2018 |7 0 |8 A |9 586683 |a BIBARQ |b BIBARQ |c GEN |d 2022-09-12 |e Donación |i 5654660 |o 701 MIN 2018 |p 5654660 |r 2025-01-20 |t 6 |w 2022-09-12 |y BK |k ARQ | ||